Haikyu Quiz Trivia #1 - Statistics

General Stats
  • This quiz has been taken 102 times
  • The average score is 9 of 15
Answer Stats
Hint Answer % Correct
Super Easy: How many new first years did Karasuno have in the first season? Four
100%
Easy: What animal is the symbol for Nekoma? Cat
95%
Easy: Who is the Great King? Toru Oikawa
90%
Easy: Who is the coach of Karasuno? Keishin Ukai
86%
Easy: What team does Wakatoshi Ushijima play for in high school? Shiratorizawa
86%
Medium: What is the famous twin's last name? Miya
85%
Hard: How tall is Nishinoya when he was first introduced? (In centimeters) 159 cm
77%
Medium: What team is Bokuto on in high school? Fukurodani
74%
Medium: What sport did Kiyoko Shimizu used to do? Track and field / Hurdles
68%
Medium:What season is Hitoka Yachi introduced? Season 2
51%
Hard: Who is the captain of Johzenji High? Yuji Terushima
44%
Hard: What stage did Karasuno lose in nationals? Quarterfinals
35%
Super Hard: What middle school did Hinata Shoyo play for? Yukigaoka Junior High
26%
Hard:What is the name of the episode of where Kei Tsukishima block Wakatoshi Ushijima? The Halo Around the Moon
16%
Impossible: Which beach volleyball player got married after the beach volleyball tournament? Heitor Santana
12%
No matching quizzes found
Score Distribution
Percent of People with Each Score
Percentile by Number Answered
Your Score History
You have not taken this quiz